000 01214nam a22003017a 4500
005 20210325190955.0
008 s2523 th tha d
041 _atha
090 _aว KU21 ป277ร 2523
100 0 _aประทีป ทองสิมา
245 1 0 _aระบบลูกขุนสำหรับประเทศไทย
260 3 _a[กรุงเทพฯ] :
_bจุฬาลงกรณ์มหาวิทยาลัย,
_c2523
300 _a200 หน้า
650 0 4 _aกฎหมาย -- อังกฤษ -- ประวัติ
650 0 4 _aลูกขุน
650 0 4 _aลูกขุน -- ฝรั่งเศส
650 0 4 _aลูกขุน -- สหรัฐอเมริกา
650 0 4 _aลูกขุน -- อังกฤษ
650 0 4 _aลูกขุน -- ไทย
650 0 4 _aศาล -- ฝรั่งเศส
650 0 4 _aศาล -- สหรัฐอเมริกา
650 0 4 _aศาล -- เยอรมัน
650 0 4 _aศาล -- ไทย -- ประวัติ
850 _aNALT
942 _cRSH
997 _c000000000027025
_kVC
998 _aNISA LAUNGTONGKUM
999 _c27025
_d27025